| 000 | 00796cam a2200229 4500 | ||
|---|---|---|---|
| 001 | ABS64757 | ||
| 008 | 011127n2001 000 0 eng u | ||
| 035 | _a(Sirsi) u115759 | ||
| 100 | _aMyers, K. | ||
| 245 | _aMyers pushes industry towards 21st century | ||
| 260 | _c2001 | ||
| 490 |
_aConstruction News _v(6739) 25 October 2001, 10-11(2) |
||
| 520 | _aOutline of how Kevin Myers, the Health and Safety Executive's chief inspector of construction intends to ensure there is a change of culture in the construction industry regarding health and safety. | ||
| 590 | _aABS | ||
| 650 | _aHSE | ||
| 650 | _aCONSTRUCTION INDUSTRY | ||
| 650 |
_aHEALTH AND SAFETY _96244 |
||
| 650 | _aRISKS | ||
| 650 | _aSAFETY PERFORMANCE | ||
| 690 | _aBUILT ENVIRONMENT-BUILDING STANDARDS | ||
| 942 | _n0 | ||
| 999 |
_c68948 _d68948 |
||